Oeuvres / (Record no. 129068)

MARC details
000 -LEADER
campo de control de longitud fija 00804nam a2200181 i 4500
001 - NÚMERO DE CONTROL
campo de control 129068
003 - IDENTIFICADOR DE NÚMERO DE CONTROL
campo de control ES-MaACL
005 - FECHA Y HORA DE LA ÚLTIMA TRANSACCIÓN
campo de control 20250918063034.0
007 - CAMPO FIJO DE DESCRIPCIÓN FÍSICA--INFORMACIÓN GENERAL
campo de control de longitud fija t|
008 - DATOS DE LONGITUD FIJA--INFORMACIÓN GENERAL
campo de control de longitud fija 070605m19621965fr ||||1| fre d
100 1# - ENTRADA PRINCIPAL--NOMBRE DE PERSONA
Nombre de persona Teilhard de Chardin, Pierre,
Fechas asociadas al nombre 1881-1955
9 (RLIN) 109521
245 10 - MENCIÓN DEL TÍTULO
Título Oeuvres /
Mención de responsabilidad, etc. de Pierre Teilhard de Chardin.
260 ## - PUBLICACIÓN, DISTRIBUCIÓN, ETC.
Lugar de publicación, distribución, etc. [París :
Nombre del editor, distribuidor, etc. Seuil,
Fecha de publicación, distribución, etc. 1965]
300 ## - DESCRIPCIÓN FÍSICA
Extensión 8 v. :
Otras características físicas il. ;
Dimensiones 19 cm.
505 8# - NOTA DE CONTENIDO CON FORMATO
Nota de contenido con formato Contiene: v.1. Le phenomene humain -- v.2. L'apparition de l'homme -- v.3. La vision du passé -- v.4. Le milieu divin : essai de vie interieure -- v.5. L'avenir de l'homme -- v.6. L'energie humaine -- v.7. L'activation de l'energie -- v.8. La place de l'homme dans la nature -- v.9. Science et Christ
852 ## - LOCALIZACIÓN
Ubicación ES-MaACL
Número de control de estantería E-4904-11
Sublocalización o colección R.59528
Holdings
Estatus retirado Estado de pérdida Estado de daño No para préstamo Biblioteca de origen Biblioteca actual Ubicación en estantería Fecha de adquisición Fuente de adquisición Total de préstamos Signatura topográfica completa Código de barras Visto por última vez Precio de reemplazo Tipo de ítem Koha
        Biblioteca del Ateneo de Madrid Biblioteca del Ateneo de Madrid Depósito 2 17/01/2008     E-4904-11 1134409 23/02/2023 23/02/2023 Libro impreso